00823nam a22002537a 45000010005000000030006000050050017000110080041000280200018000690400029000870500014001160820010001301000028001402450106001682500045002742600037003193000050003565050008004065200052004145210029004665210020004956500029005156500025005445365FISKH20241128131820.0241128b cb ||||| |||| 00| 0 eng d a9780545154451 aFISKHbengcFISKHdFISKH aQ182.H377 a507.8 aHarris, Elizabeth Snoke aSave the Earth Science Experiments :bScience Fair Projects for Eco-Kids /cby Elizabeth Snoke Harris aFirst Scholastic printing, February 2009 aNew York : bScholastic ;c2008. a112 pages : bcolor illustrations ;c26 cm .  aX  aMore than twenty "green" science fair projects.8 a890 bLexile estimate 8 aX bRaz-Plus  aexperimentsvNon-fiction aecologyvNon-fiction